000
00298nas a22001337a 4500
001
T027600012781-00
008
190830b xxu||||| |||| 00| 0 esp |
040
_a
FEVP
_c
FEVP
245
_a
Patria Grande
260
_c
200506%
300
_a
48p.
650
_a
Integración--América Latina
942
_c
REV
999
_c
18056
_d
18056